00687nam a22002177a 450000500170000002000180001704100080003508200180004310000220006124501430008325000170022626000330024330000450027650400200032165000200034165000230036170000220038470000210040670000240042770000180045120260502151237.0 a9788126550807 aENG a658.404bMAN  aMantel, Samuel J. aProject management : bcore textbook /cSamuel J. Mantel Jr., Jack R. Meredith, Scott M. Shafer, and Margaret M. Sutton with M. R. Gopalan a2nd edition. aNew Delhi :bWiley ,c2014 . axii, 346 pages :bIllustrations;c24 cm. aInclude index.  aRisk management aProject management aMeredith, Jack R. aShafer, Scott M. aSutton, Margaret M. aGopalan M. R.